| 000 | 00480cam a2200181ua 4500 | ||
|---|---|---|---|
| 001 | 2302 | ||
| 008 | 110805n ii |||gr||||Z||||||eng | ||
| 040 | _cMAIN | ||
| 082 | _a370.54 | ||
| 100 |
_aChaube, S. P., _eAuthor. |
||
| 245 | 1 |
_aHistory and problems of indian education _cby S. P. Chaube |
|
| 250 | _a1st. | ||
| 260 |
_aAgra: _bVinod Pustak mandir. |
||
| 300 |
_aiii; 372p: _c23cm. |
||
| 653 | _aEducation | ||
| 653 | _aHistory and problems of indian education | ||
| 942 | _cBK | ||
| 999 |
_c2164 _d2164 |
||